000 00610nam a2200253Ia 4500
005 20260123172101.0
008 008 260114s9999 xx 000 0 eng d
020 _a9780857934789
037 _aEBOOK
040 _aCRL
040 _beng
040 _cCRL
041 _2eng
041 _aeng
084 _qCRL
100 _aTams, Christian J. and others, Eds.
_91107116
245 0 _aResearch Handbook on the Law of Treaties
260 _bEdward Elgar
260 _c2014
856 _uhttps://doi.org/10.4337/9780857934789
942 _cEBOOK
999 _c1672225
_d1672225